Statistics for Visa-free access to the Schengen Area (Europe)

Click here to take the quiz!

General Stats

  • This quiz has been taken 541 times
    (408 since last reset)
  • The average score is 42 of 61

Answer Stats

Country/Territory% Correct
United States
96%
Canada
94%
Japan
90%
Australia
88%
Mexico
88%
Argentina
86%
Brazil
85%
Chile
84%
South Korea
84%
New Zealand
82%
Panama
76%
Uruguay
76%
Peru
75%
Singapore
75%
Paraguay
74%
United Arab Emirates
74%
Costa Rica
73%
Dominica
73%
Saint Kitts and Nevis
73%
Ukraine
73%
Israel
72%
Barbados
71%
Saint Lucia
71%
Taiwan
71%
Antigua and Barbuda
70%
Bahamas
70%
Albania
69%
Guatemala
68%
Honduras
68%
Saint Vincent and the Grenadines
68%
Trinidad and Tobago
67%
Grenada
66%
Micronesia
66%
Palau
66%
Samoa
66%
Serbia
66%
El Salvador
65%
Nicaragua
65%
Marshall Islands
64%
Tonga
64%
Andorra
63%
Malaysia
63%
Tuvalu
63%
Venezuela
63%
Bosnia and Herzegovina
62%
Kiribati
62%
Moldova
62%
North Macedonia
62%
Solomon Islands
62%
Vanuatu
62%
Vatican City
62%
San Marino
60%
Montenegro
59%
Georgia
58%
Monaco
57%
Seychelles
54%
Brunei
53%
Mauritius
50%
East Timor
43%
Hong Kong
36%
Macau
30%

Score Distribution

Percentile by Number Answered

Percent of People with Each Score

Your Score History

You have not taken this quiz since the last reset